[Event "e2e4 Diamond Jubilee Premier"]
[Site "London ENG"]
[Date "2012.06.05"]
[Round "7.30"]
[White "Pace, Colin"]
[Black "Taylor, Robert Graham"]
[Result "1-0"]
[WhiteTitle "CM"]
[WhiteElo "2128"]
[BlackElo "1957"]
[WhiteFideId "5600189"]
[BlackFideId "1800841"]
[EventDate "2012.06.02"]

1. e4 c5 2. Nf3 Nc6 3. d4 cxd4 4. Nxd4 Nf6 5. Nc3 d6 6. Bc4 e6 7. Be3 Be7 8. Bb3
O-O 9. Qe2 Na5 10. O-O-O Nxb3+ 11. axb3 Qa5 12. Kb1 a6 13. g4 Bd7 14. g5 Ne8 15.
Rhg1 Nc7 16. Qd2 b6 17. h4 Nb5 18. Na4 Qxd2 19. Rxd2 Nxd4 20. Bxd4 b5 21. Nb6
Rad8 22. Nxd7 Rxd7 23. Rgd1 Rc8 24. f4 g6 25. f5 gxf5 26. exf5 exf5 27. Rf1 Bf8
28. Rxf5 Re8 29. h5 Bg7 30. Rd5 Re6 31. c4 bxc4 32. bxc4 Rc7 33. h6 Re1+ 34. Ka2
Bf8 35. b3 Be7 36. Rf5 Re6 37. Rdf2 Bd8 38. Bb6 Rd7 39. Bxd8 Rxd8 40. Rxf7 Re2+
41. Ka3 Rxf2 42. Rxf2 d5 43. c5 d4 44. Kb4 d3 45. Rd2 Kf7 46. Kc4 Rg8 47. c6 Ke6
48. Rxd3 Rc8 49. Kc5 Ke7 50. Rd7+ 1-0

[Event "e2e4 Diamond Jubilee Premier"]
[Site "London ENG"]
[Date "2012.06.05"]
[Round "7.31"]
[White "Fox, Anthony"]
[Black "Taylor, Adam C"]
[Result "1/2-1/2"]
[WhiteElo "2110"]
[BlackElo "1948"]
[WhiteFideId "2500736"]
[BlackFideId "424668"]
[EventDate "2012.06.02"]

1. e4 c5 2. Nc3 Nc6 3. g3 g6 4. Bg2 Bg7 5. d3 d6 6. Be3 Rb8 7. Qd2 e5 8. f4 f5
9. Nf3 Nf6 10. fxe5 dxe5 11. Bxc5 fxe4 12. Nxe4 Nxe4 13. dxe4 Bg4 14. Qxd8+ Rxd8
15. O-O b6 16. Be3 O-O 17. Bg5 Rd7 18. c3 h6 19. Be3 Rd3 20. Rae1 Na5 21. Nh4
Kh7 22. Rxf8 Bxf8 23. Bf1 Rd8 24. h3 Be6 25. b3 Rc8 26. c4 Rd8 27. Nf3 Nc6 28.
g4 Kg7 29. Kf2 Bc5 30. Bxc5 bxc5 31. Be2 Kf6 32. Rd1 Rxd1 33. Bxd1 a5 34. Ne1
Ke7 35. Nd3 Kd6 36. a4 g5 37. Ne1 Nd8 38. Ng2 Nf7 39. Ne3 Bc8 40. Kg3 Bb7 41.
Nf5+ Ke6 42. Kf3 Bc6 43. Ke3 Kd7 44. Ng7 1/2-1/2

[Event "e2e4 Diamond Jubilee Premier"]
[Site "London ENG"]
[Date "2012.06.05"]
[Round "7.32"]
[White "Matthew, Ian G"]
[Black "Pena Torres, Jose Carlos"]
[Result "1-0"]
[WhiteElo "1930"]
[BlackElo "2105"]
[WhiteFideId "423165"]
[BlackFideId "2206617"]
[EventDate "2012.06.02"]

1. e4 e6 2. d4 d5 3. Nd2 Nf6 4. e5 Nfd7 5. f4 c5 6. c3 Nc6 7. Ndf3 Qb6 8. Ne2
cxd4 9. cxd4 Be7 10. g3 O-O 11. Bh3 Nb4 12. a3 Qa6 13. O-O Nb6 14. b3 Bd7 15.
Bd2 Nc6 16. Kh1 Rac8 17. Rg1 Nb8 18. f5 exf5 19. Nf4 g5 20. a4 gxf4 21. gxf4+
Kh8 22. Bf1 Nc4 23. bxc4 dxc4 24. d5 Bc5 25. Rg3 Rcd8 26. Ng5 Bd4 27. e6 Bxe6
28. dxe6 fxe6 29. Bc3 e5 30. fxe5 f4 31. Rh3 Qg6 32. Rxh7+ Qxh7 33. Nxh7 Bxc3
34. Nxf8 Rxd1 35. Rxd1 Kg7 36. Nd7 Nc6 37. e6 f3 38. Bxc4 Nd4 39. Rg1+ Kh6 40.
e7 1-0

[Event "e2e4 Diamond Jubilee Premier"]
[Site "London ENG"]
[Date "2012.06.05"]
[Round "7.33"]
[White "Goodger, Martyn"]
[Black "Grattage, Matthew"]
[Result "1-0"]
[WhiteElo "2091"]
[BlackElo "2002"]
[WhiteFideId "408336"]
[BlackFideId "423750"]
[EventDate "2012.06.02"]

1. e4 e5 2. Nf3 Nc6 3. Bc4 Bc5 4. c3 Nf6 5. d3 d6 6. Bb3 Be6 7. O-O Bxb3 8. Qxb3
Qd7 9. Qxb7 O-O 10. Qb3 d5 11. Nbd2 dxe4 12. Nxe4 Nxe4 13. dxe4 Rad8 14. Qc4 Qd6
15. b4 Bb6 16. Bg5 Rd7 17. a4 a5 18. b5 Ne7 19. Ra2 Rdd8 20. Rd2 Qc5 21. Qxc5
Bxc5 22. Rfd1 Rxd2 23. Rxd2 f6 24. Be3 Bxe3 25. fxe3 Kf7 26. Rd7 Rc8 27. Nd2 Ke8
28. Rd3 Ra8 29. c4 c5 30. Nb3 Rc8 31. Kf2 Rc7 32. Ke2 Nc8 33. Nxa5 Nb6 34. Rd6
Nxa4 35. b6 Rc8 36. b7 Rb8 37. Kd2 Ke7 38. Rd5 Ke8 39. Kc2 Nb6 40. Rxc5 Kd7 41.
Kb3 Na8 42. Ka4 Nc7 43. Kb3 g6 44. g4 h6 45. h4 h5 46. gxh5 gxh5 47. Kc3 Rf8 48.
Rc6 Rb8 49. Rxf6 Re8 50. Rf7+ Kd6 51. c5+ Kxc5 52. Rxc7+ Kb6 53. Rc8 1-0

[Event "e2e4 Diamond Jubilee Premier"]
[Site "London ENG"]
[Date "2012.06.05"]
[Round "7.34"]
[White "Cafolla, Peter"]
[Black "Kahn, Tito"]
[Result "1/2-1/2"]
[WhiteElo "1995"]
[BlackElo "2085"]
[WhiteFideId "2500884"]
[BlackFideId "15600084"]
[EventDate "2012.06.02"]

1. d4 Nf6 2. c4 g6 3. Nc3 d5 4. Bg5 Ne4 5. Bh4 Nxc3 6. bxc3 Bg7 7. cxd5 Qxd5 8.
e3 c5 9. Qb3 Qd6 10. Bb5+ Nd7 11. Ne2 O-O 12. O-O Nb6 13. h3 cxd4 14. cxd4 Qd5
15. Qxd5 Nxd5 16. e4 Nc7 17. Ba4 b5 18. Rac1 bxa4 19. Rxc7 Ba6 20. Re1 e6 21.
Be7 Rfc8 22. Rxc8+ Rxc8 23. Bc5 e5 24. Bxa7 exd4 25. Nxd4 Ra8 26. Bc5 Rc8 27.
Ba7 Ra8 28. Bc5 1/2-1/2

[Event "e2e4 Diamond Jubilee Premier"]
[Site "London ENG"]
[Date "2012.06.05"]
[Round "7.35"]
[White "Dixit, Kumar"]
[Black "Taylor, Dale C"]
[Result "1/2-1/2"]
[WhiteElo "1858"]
[BlackElo "1990"]
[WhiteFideId "421103"]
[BlackFideId "416410"]
[EventDate "2012.06.02"]

1. d4 d5 2. Nf3 Nf6 3. c4 c6 4. Nc3 e6 5. Bg5 Be7 6. e3 O-O 7. Rc1 Nbd7 8. Bd3
dxc4 9. Bxc4 a6 10. O-O b5 11. Bd3 Bb7 12. Ne4 Nxe4 13. Bxe7 Qxe7 14. Bxe4 Rac8
15. Qc2 g6 16. Ne5 Nxe5 17. dxe5 c5 18. Bxb7 Qxb7 19. Rfd1 c4 20. Qd2 Rc5 21.
Qd6 Rfc8 22. h4 h5 23. Qd4 Rd5 24. Qf4 Rcd8 25. Rd4 Rxd4 26. exd4 Qd5 27. Rd1 c3
28. bxc3 Qxa2 29. Qd2 Qxd2 30. Rxd2 Rc8 31. Ra2 Rxc3 32. Rxa6 b4 33. Kh2 Rc4 34.
Ra8+ Kg7 35. g3 Rxd4 36. Kg2 Rd5 37. f4 b3 38. Rb8 Rd2+ 39. Kf3 b2 40. Ke3 Rc2
41. Kf3 1/2-1/2

[Event "e2e4 Diamond Jubilee Premier"]
[Site "London ENG"]
[Date "2012.06.05"]
[Round "7.37"]
[White "Kalaiyalahan, Akshaya"]
[Black "Balaji, Ananthanarayanan"]
[Result "1/2-1/2"]
[WhiteElo "1646"]
[BlackElo "1834"]
[WhiteFideId "422894"]
[BlackFideId "421197"]
[EventDate "2012.06.02"]

1. c4 e5 2. Nc3 Nc6 3. g3 f5 4. Bg2 Nf6 5. e3 d5 6. cxd5 Nb4 7. d3 Nbxd5 8. a3
c6 9. Nge2 Bd6 10. O-O O-O 11. d4 e4 12. Nf4 Kh8 13. Qb3 Nxf4 14. exf4 Rb8 15.
Rd1 Re8 16. h3 Be6 17. Qc2 Nd5 18. Nxd5 Bxd5 19. Be3 Qf6 20. Rac1 h6 21. Qd2 Rg8
22. Kh2 g5 23. Bf1 g4 24. h4 Qg6 25. Bc4 Qe6 26. Qe2 a6 27. Rd2 Rgc8 28. Rdc2
Rc7 29. Bxd5 Qxd5 30. Qc4 Rbc8 31. Qxd5 cxd5 32. Rxc7 Rxc7 33. Rxc7 Bxc7 34. Kg2
Kg7 35. Kf1 Kf6 36. Ke2 Ke6 37. Kd2 h5 38. Kc3 Kd6 39. Kb4 Kc6 40. Ka4 b5+ 41.
Kb3 Bd6 42. Kc3 b4+ 43. Kb3 bxa3 44. bxa3 Kb5 45. a4+ Kb6 46. Bd2 Kc6 47. Be3
Bc7 48. Bd2 Bb6 49. Be3 Ba5 50. Ka3 Kb6 51. Kb3 Be1 52. Ka3 Ka5 53. Kb3 Bb4 54.
Bc1 Bf8 55. Bd2+ Kb6 56. Be3 1/2-1/2

[Event "e2e4 Diamond Jubilee Premier"]
[Site "London ENG"]
[Date "2012.06.05"]
[Round "7.39"]
[White "Collins, Andrew"]
[Black "Tarhon, Brian"]
[Result "0-1"]
[WhiteElo "1685"]
[BlackElo "1769"]
[WhiteFideId "425907"]
[BlackFideId "423190"]
[EventDate "2012.06.02"]

1. e4 c5 2. Nf3 e6 3. d4 cxd4 4. Nxd4 a6 5. Nc3 Nc6 6. Be3 d6 7. Qd2 Nf6 8. Be2
Qc7 9. Bf3 Ne5 10. O-O-O Nc4 11. Qd3 Nxe3 12. Qxe3 Bd7 13. g4 Bc6 14. Nd5 Bxd5
15. exd5 e5 16. g5 Nd7 17. Nf5 Rc8 18. c3 b5 19. Kb1 Nb6 20. h4 Nc4 21. Qe2 Kd8
22. Bg4 Rb8 23. Ka1 g6 24. Ne3 Nxe3 25. fxe3 h5 26. Bf3 Bg7 27. e4 Ke7 28. Rc1
Rhc8 29. Qd2 Qa5 30. Bg2 Rc7 31. Rhf1 Kf8 32. Qd3 Kg8 33. Rc2 Qb6 34. Rb1 Rc5
35. Qe3 Qb7 36. Qd3 Rbc8 37. Bf1 R5c7 38. Bh3 Ra8 39. Rbc1 Qb6 40. c4 b4 41. Qb3
Qc5 42. a3 Rb7 43. axb4 Rxb4 44. Qa3 a5 45. Kb1 Rab8 46. Qg3 Rb3 47. Qg2 a4 48.
Qf2 Rxh3 0-1

[Event "e2e4 Diamond Jubilee Premier"]
[Site "London ENG"]
[Date "2012.06.05"]
[Round "7.40"]
[White "Waterfield, John W"]
[Black "Shepherd, Katherine M"]
[Result "1-0"]
[WhiteElo "2009"]
[BlackElo "1763"]
[WhiteFideId "407143"]
[BlackFideId "412031"]
[EventDate "2012.06.02"]

1. e4 e6 2. d4 d5 3. Nd2 Nf6 4. Bd3 dxe4 5. Nxe4 Nxe4 6. Bxe4 Nd7 7. Qd3 Nf6 8.
Bxb7 Rb8 9. Bc6+ Bd7 10. Bxd7+ Qxd7 11. Nf3 Bd6 12. O-O O-O 13. c4 Rfd8 14. b3
c5 15. Be3 Qc7 16. Qc3 Ng4 17. h3 Nh2 18. Nxh2 Bxh2+ 19. Kh1 Bd6 20. Rfd1 h6 21.
Rd3 cxd4 22. Bxd4 e5 23. Be3 Bc5 24. Rad1 Bxe3 25. Rxd8+ Rxd8 26. Rxd8+ Qxd8 27.
Qxe3 Qc7 28. c5 f6 29. b4 Qc6 30. Qb3+ Kf8 31. Qf3 e4 32. Qf4 Kf7 33. Qb8 a6 34.
Qb6 Qc8 35. c6 Ke7 36. a4 Kd6 37. b5 axb5 38. axb5 f5 39. c7+ Kd7 40. Qc6+ Ke7
41. b6 e3 42. fxe3 Qa6 43. Qc5+ Kf7 44. c8=Q 1-0

[Event "e2e4 Diamond Jubilee Premier"]
[Site "London ENG"]
[Date "2012.06.05"]
[Round "7.41"]
[White "Shepherd, David"]
[Black "Pattni, Kishan"]
[Result "1-0"]
[WhiteElo "1934"]
[BlackElo "1736"]
[WhiteFideId "412023"]
[BlackFideId "420751"]
[EventDate "2012.06.02"]

1. d4 Nf6 2. Nf3 g6 3. Nc3 Bg7 4. e4 d6 5. h3 O-O 6. Be3 c6 7. Qd2 Re8 8. O-O-O
Nbd7 9. e5 Nd5 10. Nxd5 cxd5 11. Bh6 Bh8 12. Re1 dxe5 13. dxe5 Nc5 14. Bb5 Ne4
15. Qd4 Bd7 16. Bxd7 Qxd7 17. Rxe4 Qf5 18. Qxd5 Red8 19. Qc4 Rac8 20. Qe2 Rc5
21. Rd1 Rdc8 22. Nd4 Qd7 23. Kb1 Rd5 24. c4 Rdc5 25. Nb3 1-0

[Event "e2e4 Diamond Jubilee Premier"]
[Site "London ENG"]
[Date "2012.06.05"]
[Round "7.42"]
[White "Jensen, Soren2"]
[Black "Neatherway, A Philip"]
[Result "1-0"]
[WhiteElo "1876"]
[BlackElo "1926"]
[WhiteFideId "1409999"]
[BlackFideId "418854"]
[EventDate "2012.06.02"]

1. c4 e5 2. g3 d6 3. Bg2 f5 4. Nc3 Nf6 5. d4 exd4 6. Qxd4 Nc6 7. Qd1 Ne5 8. f4
Nf7 9. b3 Be7 10. Bb2 c6 11. Nf3 Qb6 12. Qd4 Qxd4 13. Nxd4 O-O 14. O-O-O Bd7 15.
h3 Nh5 16. Rd3 Rae8 17. Rg1 g6 18. Bf3 Bf6 19. Bxh5 gxh5 20. Re1 Bg7 21. Kd2 a6
22. Kc2 Re7 23. Na4 c5 24. Nf3 Bc6 25. Bxg7 Kxg7 26. Nc3 Be4 27. Nxe4 fxe4 28.
Re3 Rfe8 29. Nh4 Kf6 30. Rd1 Rd7 31. Rd5 Nd8 32. Rxh5 Nc6 33. Rh6+ Kg7 34. Nf5+
Kg8 35. Nxd6 Red8 36. Nxe4 Nd4+ 37. Kc3 Nf5 38. Nf6+ Kg7 39. Nxd7 Nxe3 40. Rd6
Nf5 41. Rd3 1-0

[Event "e2e4 Diamond Jubilee Premier"]
[Site "London ENG"]
[Date "2012.06.06"]
[Round "8.1"]
[White "Sumets, Andrey"]
[Black "Rudd, Jack"]
[Result "1-0"]
[WhiteTitle "GM"]
[BlackTitle "IM"]
[WhiteElo "2599"]
[BlackElo "2305"]
[WhiteFideId "14105500"]
[BlackFideId "405736"]
[EventDate "2012.06.02"]

1. d4 Nf6 2. c4 e6 3. Nc3 Bb4 4. Qc2 c5 5. dxc5 Nc6 6. Nf3 Bxc5 7. Bf4 O-O 8. e3
d5 9. a3 Qa5 10. Rd1 a6 11. Nd2 Be7 12. Bg3 dxc4 13. Nxc4 Qc5 14. Na4 Qg5 15.
Nab6 Ra7 16. Bf4 Qh4 17. Be2 Nh5 18. Bd6 1-0

[Event "e2e4 Diamond Jubilee Premier"]
[Site "London ENG"]
[Date "2012.06.06"]
[Round "8.2"]
[White "Hebden, Mark L"]
[Black "Vovk, Yuri"]
[Result "1/2-1/2"]
[WhiteTitle "GM"]
[BlackTitle "GM"]
[WhiteElo "2512"]
[BlackElo "2562"]
[WhiteFideId "400084"]
[BlackFideId "14113171"]
[EventDate "2012.06.02"]

1. d4 Nf6 2. Nf3 g6 3. Nc3 d5 4. Bf4 Bg7 5. Qd2 c5 6. dxc5 O-O 7. Bh6 Bxh6 8.
Qxh6 d4 9. O-O-O Ng4 10. Qf4 Qa5 11. Rxd4 e5 12. Nxe5 Nxe5 13. Qxe5 Nc6 14. Qf6
Nxd4 15. Qxd4 Rd8 16. Qf6 Be6 17. h4 Bxa2 18. h5 Bc4 19. Kb1 Qxc5 20. hxg6 fxg6
21. Qh4 Rd7 22. g3 Rf8 23. Bh3 Re7 24. f4 b5 25. Bg2 b4 26. Ne4 Qc7 27. b3 Be6
28. Ng5 Rc8 29. Be4 Bf5 30. Bd5+ Kh8 31. Bc4 Qd7 32. Nxh7 Bxc2+ 33. Kc1 Rxh7 34.
Qf6+ Qg7 35. Rxh7+ Kxh7 36. Qh4+ Qh6 37. Qe7+ Qg7 38. Qh4+ 1/2-1/2

[Event "e2e4 Diamond Jubilee Premier"]
[Site "London ENG"]
[Date "2012.06.06"]
[Round "8.3"]
[White "Astaneh Lopez, Alex"]
[Black "Eggleston, David J"]
[Result "1/2-1/2"]
[WhiteTitle "IM"]
[BlackTitle "FM"]
[WhiteElo "2402"]
[BlackElo "2327"]
[WhiteFideId "2501430"]
[BlackFideId "412120"]
[EventDate "2012.06.02"]

1. e4 c5 2. Nf3 d6 3. c3 Nf6 4. h3 Nbd7 5. Bd3 b6 6. O-O Bb7 7. Re1 Qc7 8. Bc2
Rc8 9. Na3 e6 10. d3 Be7 11. Bf4 O-O 12. Rc1 Qb8 13. Nc4 b5 14. Na5 Ba8 15. b4
cxb4 16. cxb4 Ne5 17. Nd4 Bd8 18. Ndb3 Nc6 19. Nxc6 Bxc6 20. Bg3 Re8 21. d4 e5
22. dxe5 dxe5 23. Nd4 Bd7 24. Nf5 Bxf5 25. exf5 Bb6 26. Bb3 Rxc1 27. Qxc1 Bd4
28. Re2 Qb7 29. Bh4 Ne4 30. Rc2 Bb6 31. Qd1 Bd4 32. Qf3 Rb8 33. g4 h6 34. f6 g6
35. Kg2 Nc3 36. Qxb7 Rxb7 37. g5 hxg5 38. Bxg5 Rc7 39. Rc1 Rc6 40. f3 a5 41.
bxa5 b4 42. h4 Ra6 43. Rc2 Rxa5 44. Kh3 Ra6 45. h5 gxh5 46. Rg2 Kf8 47. Bh4 e4
48. Rg7 Ra7 49. Rh7 Kg8 50. Rg7+ Kf8 51. Rh7 Kg8 52. Rxh5 e3 53. Rg5+ Kf8 54.
Rg4 Rd7 55. Bg5 Rd6 56. Bc4 e2 57. Bh6+ Ke8 58. Bd2 Bxf6 59. Bxc3 bxc3 60. Re4+
Kd8 61. Rxe2 Rd7 62. Kg2 Bg5 63. Bb3 Rb7 64. Kf1 Bd2 65. Rg2 Re7 66. Re2 Rd7 67.
Re4 f5 68. Rc4 f4 69. Ke2 Re7+ 1/2-1/2

[Event "e2e4 Diamond Jubilee Premier"]
[Site "London ENG"]
[Date "2012.06.06"]
[Round "8.4"]
[White "Sowray, Peter J"]
[Black "Brown, Martin"]
[Result "0-1"]
[WhiteTitle "FM"]
[WhiteElo "2376"]
[BlackElo "2183"]
[WhiteFideId "400971"]
[BlackFideId "401480"]
[EventDate "2012.06.02"]

1. Nf3 Nf6 2. c4 g6 3. Nc3 d5 4. cxd5 Nxd5 5. g3 Bg7 6. Bg2 Nb6 7. d4 Nc6 8. e3
O-O 9. O-O Re8 10. Re1 h6 11. h3 a5 12. Nd2 e5 13. d5 Nb4 14. Nb3 a4 15. Nc5 Ra5
16. N3xa4 Nxa4 17. Nxa4 e4 18. Nc3 Bxc3 19. bxc3 Nd3 20. Bxe4 Nxe1 21. Bh1 c6
22. Qxe1 cxd5 23. c4 dxc4 24. Bb2 b5 25. Rd1 Qb6 26. Qc3 f6 27. Ba3 Rd8 28. Bd5+
Kg7 29. Be7 Rd7 30. Bxf6+ Kh7 31. a3 Ra6 32. Be5 Qc5 33. e4 Rxa3 34. Qc1 Qe7 35.
Bb2 Ra2 36. Qc3 Qg7 37. Qxg7+ Rxg7 38. Bxg7 Kxg7 39. Rb1 Bd7 40. Kg2 Kf6 41. Rd1
Be6 42. Rb1 Bxd5 43. exd5 Ra5 44. f4 c3 45. Kf3 Ra3 46. Ke4 c2 47. Rc1 Rc3 48.
Kd4 b4 49. g4 Rc8 50. g5+ hxg5 51. fxg5+ Ke7 52. Ke5 b3 53. d6+ Kd7 0-1

[Event "e2e4 Diamond Jubilee Premier"]
[Site "London ENG"]
[Date "2012.06.06"]
[Round "8.5"]
[White "Vovk, Andrey"]
[Black "Rausis, Igor"]
[Result "1/2-1/2"]
[WhiteTitle "GM"]
[BlackTitle "GM"]
[WhiteElo "2549"]
[BlackElo "2514"]
[WhiteFideId "14114470"]
[BlackFideId "11600098"]
[EventDate "2012.06.02"]

1. e4 c6 2. d4 d5 3. e5 Bf5 4. Nf3 e6 5. Be2 c5 6. O-O Nc6 7. Be3 cxd4 8. Nxd4
Nxd4 9. Bxd4 Ne7 10. Nd2 Nc6 11. c3 h5 12. g3 g6 13. f4 Nxd4 14. cxd4 Be7 15.
Qa4+ Kf8 16. Rac1 Qb6 17. Nb3 Kg7 18. Qd7 Rhe8 19. Rf3 a5 20. Qb5 Qxb5 21. Bxb5
Rec8 22. Rxc8 Rxc8 23. Rc3 Rxc3 24. bxc3 b6 25. Nc1 g5 26. Kf2 Ba3 27. Nd3 gxf4
28. gxf4 h4 29. Ke3 f6 30. c4 dxc4 1/2-1/2

[Event "e2e4 Diamond Jubilee Premier"]
[Site "London ENG"]
[Date "2012.06.06"]
[Round "8.7"]
[White "Berry, Neil"]
[Black "Collins, Sam E."]
[Result "0-1"]
[WhiteTitle "FM"]
[BlackTitle "IM"]
[WhiteElo "2308"]
[BlackElo "2428"]
[WhiteFideId "2400650"]
[BlackFideId "2501198"]
[EventDate "2012.06.02"]

1. Nf3 d5 2. c4 c6 3. e3 Nf6 4. Nc3 a6 5. Qc2 g6 6. d4 Bf5 7. Qb3 Ra7 8. a4 Bg7
9. a5 O-O 10. Bd2 Ne4 11. cxd5 Nxc3 12. bxc3 cxd5 13. c4 Be6 14. Ng5 dxc4 15.
Qb6 c3 16. Bxc3 Qxb6 17. axb6 Ra8 18. Nxe6 fxe6 19. Bc4 Kf7 20. Kd2 Nd7 21. Rhb1
Rac8 22. Bd3 e5 23. Ra4 exd4 24. Bxd4 e5 25. Ba1 Nc5 26. Ra3 Rfd8 27. Ke2 Rc6
28. Bc4+ Ke7 29. Bc3 Ke8 30. Bg8 Ne4 31. Be1 h5 32. Ba2 Rc2+ 33. Kf3 Nc5 34. g3
e4+ 35. Kg2 Nd3 36. Bb3 Re2 37. Ba4+ Ke7 38. Kf1 Rb2 39. Rxb2 Bxb2 40. Rb3 Rc8
41. Bb4+ Ke6 42. Ba3 Rc1+ 43. Kg2 Bxa3 44. Rxa3 Ne1+ 45. Kh3 g5 46. Be8 g4+ 47.
Kh4 Rc5 48. Bxh5 Nf3+ 49. Kxg4 Rg5+ 50. Kf4 Rxh5 51. Kxe4 Nxh2 52. f4 Rb5 53.
Ra2 Rb4+ 54. Kd3 Ng4 55. e4 Rxb6 56. Ra5 Rb3+ 57. Kd4 Rb4+ 58. Kd3 Rb3+ 59. Kd4
Rxg3 60. Rg5 Rg1 61. Rg7 Rd1+ 62. Kc5 Rc1+ 63. Kd4 Rd1+ 64. Kc5 Nf2 65. f5+ Ke5
66. Re7+ Kf6 67. Rxb7 Nxe4+ 68. Kc6 Rd6+ 69. Kc7 Rd7+ 70. Kxd7 Nc5+ 71. Kc6 Nxb7
72. Kb6 a5 0-1

[Event "e2e4 Diamond Jubilee Premier"]
[Site "London ENG"]
[Date "2012.06.06"]
[Round "8.8"]
[White "Duport, Nicolas"]
[Black "Cobb, James"]
[Result "1/2-1/2"]
[BlackTitle "IM"]
[WhiteElo "2214"]
[BlackElo "2411"]
[WhiteFideId "1314424"]
[BlackFideId "1800949"]
[EventDate "2012.06.02"]

1. e4 e6 2. d4 d5 3. Nc3 Nf6 4. e5 Nfd7 5. f4 c5 6. Nf3 Nc6 7. Be3 a6 8. Qd2 Be7
9. Be2 O-O 10. O-O b6 11. Nd1 cxd4 12. Nxd4 Nxd4 13. Bxd4 f6 14. exf6 Nxf6 15.
Qe3 Qc7 16. Bd3 Bc5 17. c3 Ng4 18. Qg3 e5 19. fxe5 Qxe5 20. Qxe5 Nxe5 21. Rxf8+
Kxf8 22. Bxh7 g6 23. Kf1 Bxd4 24. cxd4 Ra7 25. dxe5 Rxh7 26. Rc1 Bd7 27. Ne3 d4
28. Nd5 Rh5 29. Re1 Bc6 30. Nc7 Ke7 31. Kg1 a5 32. a4 Rg5 33. g3 Bxa4 34. Nd5+
Ke6 35. Nxb6 Bb3 36. Re4 Rxe5 37. Rxd4 Re2 38. Na4 Ke5 1/2-1/2

[Event "e2e4 Diamond Jubilee Premier"]
[Site "London ENG"]
[Date "2012.06.06"]
[Round "8.9"]
[White "White, Michael J R"]
[Black "Sipila, Vilka"]
[Result "0-1"]
[WhiteTitle "FM"]
[BlackTitle "FM"]
[WhiteElo "2272"]
[BlackElo "2393"]
[WhiteFideId "407380"]
[BlackFideId "505455"]
[EventDate "2012.06.02"]

1. e4 b6 2. d4 Bb7 3. Bd3 e6 4. Nf3 Nf6 5. Qe2 d5 6. e5 Nfd7 7. Nbd2 c5 8. c3
Nc6 9. Nf1 cxd4 10. cxd4 Nb4 11. Bb5 Rc8 12. Ne3 a6 13. a3 axb5 14. axb4 Bxb4+
15. Bd2 Bxd2+ 16. Nxd2 b4 17. O-O Qe7 18. f4 O-O 19. Ra7 Rc7 20. g4 f6 21. Nf3
fxe5 22. fxe5 Nb8 23. Qb5 Rc6 24. h4 h6 25. Ng2 Qc7 26. Qxb4 Rc1 27. Ra3 Rxf1+
28. Kxf1 Qc4+ 29. Qxc4 dxc4 30. Kf2 b5 31. Ne1 Bd5 32. Ke3 Nc6 33. Ra6 Nb4 34.
Ra5 Bc6 35. g5 Rb8 36. Nd2 hxg5 37. hxg5 Kh7 38. Ra7 Kg6 39. Nef3 Rd8 40. Kf4
Nd3+ 41. Kg4 Nxb2 42. Re7 Bd5 43. Nh4+ Kh7 44. Nf1 Be4 45. Ng3 Bd3 46. g6+ Kh6
47. Rxe6 Rxd4+ 48. Kh3 Rxh4+ 49. Kxh4 c3 50. Rc6 c2 51. e6 Kxg6 52. Ne2 Kf6 53.
Kg3 Bc4 54. Nc1 Nd3 55. Ne2 c1=Q 56. Nxc1 Nxc1 57. Kf4 Nd3+ 58. Ke3 Ne5 59. Rb6
Nd3 60. Kd4 Nf4 61. Kc5 Nxe6+ 62. Kd6 g5 63. Rb8 g4 64. Rg8 Ng5 65. Rf8+ Nf7+
66. Kc5 g3 67. Rg8 Ng5 68. Rf8+ Ke5 0-1

[Event "e2e4 Diamond Jubilee Premier"]
[Site "London ENG"]
[Date "2012.06.06"]
[Round "8.10"]
[White "Lim, Zhuo Ren"]
[Black "Buckley, Graeme N"]
[Result "1/2-1/2"]
[BlackTitle "IM"]
[WhiteElo "2095"]
[BlackElo "2363"]
[WhiteFideId "5702488"]
[BlackFideId "402265"]
[EventDate "2012.06.02"]

1. Nf3 g6 2. g3 Bg7 3. d4 f5 4. Bg2 Nf6 5. c4 O-O 6. O-O d6 7. b4 e5 8. dxe5 Ng4
9. Bb2 Nc6 10. Qb3 Ncxe5 11. c5+ Kh8 12. cxd6 Qxd6 13. Nxe5 Nxe5 14. Rd1 Be6 15.
Bd5 Rae8 16. Nc3 c6 17. Bxe6 Qxe6 18. Qxe6 Rxe6 19. Na4 Ng4 20. Bxg7+ Kxg7 21.
Nc3 f4 22. Rd7+ Kh6 23. Rf1 f3 24. e3 Rxe3 25. fxe3 f2+ 26. Rxf2 Rxf2 27. Rd4
Rc2 28. Rxg4 Rxc3 29. Kf2 Rc2+ 30. Kf3 Rxh2 31. a4 Ra2 32. a5 c5 33. Rh4+ Kg7
34. Rc4 cxb4 35. Rxb4 Rxa5 36. Rxb7+ Kh6 37. e4 g5 38. Rc7 Ra6 39. e5 Kg6 40. g4
Ra3+ 41. Ke4 Ra4+ 42. Kd5 Rxg4 43. Rc6+ Kh5 44. e6 Kg6 45. Rc8 Kf6 46. Rf8+ Ke7
47. Rf7+ Ke8 48. Rxh7 Rg1 49. Rxa7 g4 50. Rg7 g3 51. Ke4 g2 52. Kf3 Re1 53. Rxg2 1/2-1/2

[Event "e2e4 Diamond Jubilee Premier"]
[Site "London ENG"]
[Date "2012.06.06"]
[Round "8.11"]
[White "Martinsen, Stig K"]
[Black "Walton, Alan J"]
[Result "1/2-1/2"]
[BlackTitle "CM"]
[WhiteElo "2169"]
[BlackElo "2179"]
[WhiteFideId "1502824"]
[BlackFideId "409898"]
[EventDate "2012.06.02"]

1. g3 f5 2. d4 Nf6 3. Bg2 e6 4. Nf3 Be7 5. O-O O-O 6. c4 d6 7. Nc3 a5 8. Re1 Ne4
9. Qc2 Nxc3 10. bxc3 Bf6 11. e4 fxe4 12. Qxe4 Nc6 13. Ba3 Qe8 14. Rac1 Qh5 15.
c5 d5 16. Qe2 Bd7 17. Rcd1 Rfe8 18. c4 Ne7 19. Qc2 Ng6 20. h3 Bc6 21. g4 Qh6 22.
Bc1 Nf4 23. h4 Qg6 24. Qxg6 Nxg6 25. g5 Bd8 26. h5 Nf8 27. Ne5 Re7 28. Bf4 dxc4
29. Nxc6 bxc6 30. Bxc6 Rb8 31. Rb1 Rxb1 32. Rxb1 Rf7 33. Be3 h6 34. gxh6 gxh6
35. Bxh6 Rf5 36. Rc1 Rxh5 37. Be3 Bg5 38. Rxc4 Bxe3 39. fxe3 Ng6 40. Ra4 Ne7 41.
Bf3 Rf5 42. Kg2 Rf6 43. Rxa5 Nf5 44. Ra6 Kg7 45. Be4 Nxe3+ 46. Kg3 Nf1+ 47. Kg4
Nd2 48. Bc6 e5 49. d5 Rf4+ 50. Kh3 Ne4 51. Ra7 Nxc5 52. Rxc7+ Kf6 53. Be8 Ne4
54. Rf7+ Kg5 55. Rxf4 exf4 56. Kg2 Kf5 57. a4 Ke5 58. Bc6 Nc3 1/2-1/2

[Event "e2e4 Diamond Jubilee Premier"]
[Site "London ENG"]
[Date "2012.06.06"]
[Round "8.12"]
[White "Zhou, Yang-Fan"]
[Black "Lalic, Peter D"]
[Result "1-0"]
[WhiteTitle "IM"]
[WhiteElo "2438"]
[BlackElo "2097"]
[WhiteFideId "468584"]
[BlackFideId "416711"]
[EventDate "2012.06.02"]

1. e4 c5 2. Nf3 Nc6 3. Bb5 g6 4. Bxc6 dxc6 5. h3 Bg7 6. d3 Nf6 7. Nc3 Nd7 8. Be3
e5 9. Qd2 Qe7 10. O-O Nf8 11. a3 Ne6 12. b4 Nd4 13. Bxd4 cxd4 14. Ne2 O-O 15. a4
Bd7 16. Ng3 a6 17. Rfb1 Rfc8 18. Ne2 Rc7 19. c4 dxc3 20. Qxc3 Rf8 21. b5 axb5
22. axb5 Bc8 23. b6 Rd7 24. Rd1 Rdd8 25. Nc1 f5 26. Nb3 f4 27. Ra7 Qf6 28. Na5
Rf7 29. Qb3 Be6 30. Qb2 Bc8 31. d4 exd4 32. e5 Qf5 33. Rxd4 Rxd4 34. Qxd4 Rd7
35. Qc4+ Kh8 36. Ra8 Rd1+ 37. Kh2 Bf8 38. e6 Qb1 39. Qxf4 Bd6 40. Ne5 Qa1 41.
Qf6+ 1-0